Essentials of Medical Physiology-2 / (Record no. 33723)
[ view plain ]
| 000 -LEADER | |
|---|---|
| fixed length control field | 00488nam a22001817a 4500 |
| 005 - DATE AND TIME OF LATEST TRANSACTION | |
| control field | 20240109131437.0 |
| 008 - FIXED-LENGTH DATA ELEMENTS--GENERAL INFORMATION | |
| fixed length control field | 230926b |||||||| |||| 00| 0 eng d |
| 082 ## - DEWEY DECIMAL CLASSIFICATION NUMBER | |
| Classification number | 612 |
| Item number | MUS |
| 100 ## - MAIN ENTRY--AUTHOR | |
| Author Name | Mushtaq, Ahmad |
| 245 ## - TITLE STATEMENT | |
| Title | Essentials of Medical Physiology-2 / |
| Statement of responsibility, etc. | Mushtaq, Ahmad. |
| 250 ## - EDITION STATEMENT | |
| Edition statement | 5th ed. |
| 260 ## - PUBLICATION, DISTRIBUTION, ETC. | |
| Place of Publication | Pakistan: |
| Name of publisher, distributor, etc. | Ilmi book shop; |
| Date of publication, distribution, etc. | 2011. |
| 300 ## - PHYSICAL DESCRIPTION | |
| Pages | viii, 438 p: |
| 490 ## - SERIES STATEMENT | |
| Volume | vol-2 |
| 500 ## - GENERAL NOTE | |
| General note | Includes Index. |
| 650 ## - SUBJECT ADDED ENTRY--TOPICAL TERM | |
| Subject / Department | Physiology/Medical |
| 300 ## - PHYSICAL DESCRIPTION | |
| -- | ill; |
| -- | 21 cm. |
| 952 ## - LOCATION AND ITEM INFORMATION (KOHA) | |
| -- | 0 |
| -- | 0 |
| Lost status | Damaged status | Collection code | Permanent Location | Current Location | Shelving Location | Date acquired | Full Call Number | Accession No./Barcode | Date last seen | item type | Koha item type |
|---|---|---|---|---|---|---|---|---|---|---|---|
| Medical | Superior Information Resource Center (SIRC) Superior University- Central Library | Superior Information Resource Center (SIRC) Superior University- Central Library | Physiology | 09/26/2023 | 612 MUS-E 2011 | 20609 | 09/26/2023 | BOOK | BOOK |
